[Event "Titled Tuesday intern op 05th Sep Late"]
[Site "Chess.com INT"]
[Date "2023.09.05"]
[Round "5"]
[White "Idani, Pouya"]
[Black "Ismagilov, Damir"]
[Result "1-0"]
[WhiteElo "2633"]
[BlackElo "2150"]
[PlyCount "81"]
[EventDate "2023.09.05"]
[EventType "swiss (blitz)"]
[EventRounds "11"]
[EventCountry "USA"]
[SourceTitle "EXT 2024"]
[Source "ChessBase"]
[SourceDate "2023.10.10"]
[SourceVersion "1"]
[SourceVersionDate "2023.10.10"]
[SourceQuality "1"]

1. d4 Nf6 2. c4 e6 3. g3 d5 4. Bg2 c6 5. Nf3 b6 6. 0-0 Be7 7. Qc2 0-0 8. Nbd2 c5 9. dxc5 bxc5 10. e3 Nc6 11. b3 Qb6 12. Bb2 Rd8 13. Rac1 Nb4 14. Qb1 Ba6 15. Rfd1 Rac8 16. a3 Nc6 17. cxd5 exd5 18. Nh4 Na5 19. Nf5 Bf8 20. b4 cxb4 21. Rxc8 Bxc8 22. Bd4 Bc5 23. Ne7+ Kf8 24. Nxc8 Rxc8 25. Bxf6 Qxf6 26. axb4 Rb8 27. Qxh7 Rxb4 28. Qh8+ Ke7 29. Bxd5 Qe5 30. Nf3 Qc3 31. Ba8 Bb6 32. Qh5 Qc2 33. Qe5+ Kf8 34. Rd7 Qg6 35. Qe7+ Kg8 36. Qxb4 Qf5 37. Qe7 Qxf3 38. Bxf3 Bd4 39. Qxf7+ Kh8 40. h4 g5 41. h5 1-0

[Event "Titled Tuesday intern op 05th Sep Early"]
[Site "Chess.com INT"]
[Date "2023.09.05"]
[Round "5"]
[White "Ismagilov, Damir"]
[Black "Krzywda, Andrzej"]
[Result "1-0"]
[WhiteElo "2150"]
[BlackElo "2210"]
[PlyCount "107"]
[EventDate "2023.09.05"]
[EventType "swiss (blitz)"]
[EventRounds "11"]
[EventCountry "USA"]
[SourceTitle "EXT 2024"]
[Source "ChessBase"]
[SourceDate "2023.10.10"]
[SourceVersion "1"]
[SourceVersionDate "2023.10.10"]
[SourceQuality "1"]

1. c4 e6 2. Nc3 d5 3. d4 Nf6 4. cxd5 exd5 5. Bg5 c6 6. e3 h6 7. Bh4 Be7 8. Bd3 0-0 9. Nge2 Re8 10. Bg3 Nbd7 11. h3 Bf8 12. 0-0 Ne4 13. Nxe4 dxe4 14. Bc4 Nb6 15. Bb3 a5 16. Nc3 Bd6 17. Bxd6 Qxd6 18. a3 g6 19. f3 exf3 20. Qxf3 Rf8 21. Ne4 Qe7 22. Nc5 Kg7 23. e4 a4 24. Ba2 Nd7 25. Nd3 Qd6 26. Qf2 Qe7 27. e5 Nb6 28. Nc5 Bf5 29. g4 Be6 30. Qf6+ Qxf6 31. exf6+ Kh7 32. Bxe6 fxe6 33. Nxe6 Rf7 34. h4 Nc4 35. Rf2 Re8 36. Re1 Nd6 37. Kf1 Rc8 38. Nc5 b6 39. Ne4 Nc4 40. Ng3 c5 41. dxc5 Rxc5 42. Re7 Rc7 43. Rxc7 Rxc7 44. f7 Ne3+ 45. Ke2 Re7 46. f8Q Nd5+ 47. Kd3 Nf4+ 48. Qxf4 Rd7+ 49. Ke3 Re7+ 50. Kf3 Kg8 51. Kg2 Re8 52. Qf7+ Kh8 53. Qxe8+ Kg7 54. Rf7# 1-0

[Event "Titled Tuesday intern op 05th Sep Early"]
[Site "Chess.com INT"]
[Date "2023.09.05"]
[Round "3"]
[White "Ismagilov, Damir"]
[Black "Lopez del Alamo, Antonio"]
[Result "1-0"]
[WhiteElo "2150"]
[BlackElo "2295"]
[PlyCount "79"]
[EventDate "2023.09.05"]
[EventType "swiss (blitz)"]
[EventRounds "11"]
[EventCountry "USA"]
[SourceTitle "EXT 2024"]
[Source "ChessBase"]
[SourceDate "2023.10.10"]
[SourceVersion "1"]
[SourceVersionDate "2023.10.10"]
[SourceQuality "1"]

1. d4 Nf6 2. c4 g6 3. Nc3 Bg7 4. e4 d6 5. Be2 0-0 6. Nf3 e5 7. 0-0 Na6 8. Be3 Ng4 9. Bg5 f6 10. Bc1 Nh6 11. Rb1 c6 12. b4 Nc7 13. d5 cxd5 14. cxd5 Nf7 15. b5 f5 16. Nd2 Bh6 17. Ba3 b6 18. Nc4 Ne8 19. g3 Ng5 20. h4 Nxe4 21. Nxe4 fxe4 22. Bg4 Bb7 23. Be6+ Kh8 24. Qe2 Rc8 25. Qxe4 Nf6 26. Qd3 e4 27. Qd4 Bg7 28. Nxd6 Ne8 29. Qb4 Nxd6 30. Qxd6 Qxd6 31. Bxd6 e3 32. fxe3 Rfe8 33. Bxc8 Rxc8 34. e4 Re8 35. Rfe1 Bd4+ 36. Kg2 Kg7 37. Rbc1 Kh6 38. Bf4+ Kg7 39. Rc7+ Kg8 40. Rxb7 1-0